[Event "LEM Nachwuchs M-V u12m 08.-11.07.2021"]
[Site "MaJuWi Greifswald/Wieck"]
[Date "2021.07.11"]
[Round "6.2"]
[White "Wellßow, Lio Keanu"]
[Black "Lüdtke, Lorenz"]
[Result "1-0"]
[WhiteElo "1203"]
[BlackElo "922"]
[PlyCount "73"]
[EventDate "2021.??.??"]
[WhiteTeam "SG Jasmund"]
[BlackTeam "SG Jasmund"]

1. d4 d5 2. c4 Nf6 3. Nc3 Nc6 4. Nf3 Bg4 5. Bg5 Bxf3 6. gxf3 e6 7. cxd5 exd5 8.
Bxf6 Qxf6 9. Nxd5 Qd6 10. e4 O-O-O 11. Bh3+ Kb8 12. Qa4 Be7 13. Rd1 Bf6 14.
Nxf6 gxf6 15. d5 Nb4 16. a3 Na6 17. Rd4 c5 18. Rc4 Qb6 19. Rc3 Qxb2 20. Qc2
Qa1+ 21. Qc1 Qxc1+ 22. Rxc1 Rhg8 23. Bf1 Rd6 24. Bb5 Rb6 25. a4 Nb4 26. Rb1
Nd3+ 27. Kf1 a6 28. Bxd3 Rxb1+ 29. Bxb1 Kc8 30. Rg1 Rg6 31. Rxg6 fxg6 32. f4
Kd7 33. e5 fxe5 34. fxe5 c4 35. Be4 a5 36. f4 Ke7 37. Ke2 1-0

[Event "LEM Nachwuchs M-V u12m 08.-11.07.2021"]
[Site "MaJuWi Greifswald/Wieck"]
[Date "2021.07.11"]
[Round "6.3"]
[White "Wandelt, Moritz"]
[Black "Brandt, Mattis"]
[Result "0-1"]
[WhiteElo "1011"]
[BlackElo "1323"]
[PlyCount "66"]
[EventDate "2021.??.??"]
[WhiteTeam "SAV Torgelow"]
[BlackTeam "Greifswalder SV"]

1. e4 c5 2. c4 e6 3. Nc3 a6 4. b3 Qc7 5. g3 Nf6 6. Bg2 Be7 7. Nge2 O-O 8. d3
Nc6 9. Be3 b6 10. O-O Bb7 11. f4 d6 12. h3 Rad8 13. g4 d5 14. e5 d4 15. Bc1
dxc3 16. exf6 Bxf6 17. g5 c2 18. Qxc2 Bxa1 19. Be3 Bd4 20. Bxd4 Nxd4 21. Nxd4
Rxd4 22. Bxb7 Qxb7 23. h4 e5 24. h5 Rxf4 25. Rxf4 exf4 26. Qc3 Qe7 27. h6 Qxg5+
28. Kf2 Qxh6 29. Kf3 Re8 30. a3 Re3+ 31. Kf2 Qh2+ 32. Kf1 Qe2+ 33. Kg1 Rg3+ 0-1

[Event "LEM Nachwuchs M-V u12m 08.-11.07.2021"]
[Site "MaJuWi Greifswald/Wieck"]
[Date "2021.07.11"]
[Round "6.4"]
[White "Drechsler, Andor"]
[Black "Tovmasyan, Levon"]
[Result "1-0"]
[WhiteElo "1303"]
[BlackElo "884"]
[PlyCount "73"]
[EventDate "2021.??.??"]
[WhiteTeam "SAV Torgelow"]
[BlackTeam "TuS Makkabi Rostock"]

1. e4 c5 2. Nf3 e6 3. d4 cxd4 4. Nxd4 a6 5. Nc3 Qc7 6. g3 Nf6 7. Bg2 Be7 8. O-O
Nc6 9. Nxc6 bxc6 10. a3 O-O 11. Re1 d6 12. f4 Nd7 13. Kh1 Bf6 14. Bd2 e5 15. f5
Rb8 16. Rb1 Re8 17. g4 h6 18. Qf3 g5 19. fxg6 fxg6 20. Bxh6 g5 21. Qf5 Kf7 22.
Bxg5 Kg7 23. Bxf6+ Nxf6 24. Qg5+ Kf7 25. Rf1 Re6 26. Qh5+ Ke7 27. Qg6 Bd7 28.
Qg7+ Ke8 29. Rxf6 Rxf6 30. Qxf6 Bxg4 31. Rf1 Bh5 32. Qf8+ Kd7 33. Qf5+ Kd8 34.
Qxh5 Rxb2 35. Qh8+ Kd7 36. Rf7+ Ke6 37. Qf6# 1-0

[Event "LEM Nachwuchs M-V u12m 08.-11.07.2021"]
[Site "MaJuWi Greifswald/Wieck"]
[Date "2021.07.11"]
[Round "6.5"]
[White "Briese, Paul"]
[Black "Kerth, Anton"]
[Result "1-0"]
[WhiteElo "1125"]
[BlackElo "996"]
[PlyCount "69"]
[EventDate "2021.??.??"]
[WhiteTeam "SAV Torgelow"]
[BlackTeam "SV Gryps"]

1. c4 e5 2. Nc3 Nc6 3. g3 Bb4 4. Bg2 Bxc3 5. dxc3 Nf6 6. Nf3 d5 7. cxd5 Nxd5 8.
Nxe5 Nxe5 9. Qxd5 Qxd5 10. Bxd5 c6 11. Bg2 Be6 12. Bf4 Ng6 13. Be3 Bd5 14. Bxd5
cxd5 15. O-O-O Ne7 16. f4 Nf5 17. Bf2 Rd8 18. a3 O-O 19. Bxa7 Rfe8 20. Rhe1 Ne3
21. Bxe3 Rxe3 22. Rd3 Rxd3 23. exd3 h6 24. b4 d4 25. c4 b6 26. a4 Ra8 27. Re4
Rxa4 28. b5 Ra2 29. Rxd4 Rxh2 30. Re4 Rh3 31. Re3 Rh1+ 32. Kc2 Rh2+ 33. Kc3 h5
34. Kd4 f6 35. c5 1-0

[Event "LEM Nachwuchs M-V u12m 08.-11.07.2021"]
[Site "MaJuWi Greifswald/Wieck"]
[Date "2021.07.11"]
[Round "6.7"]
[White "Joachim, Julian"]
[Black "Lange, Richard"]
[Result "1-0"]
[WhiteElo "819"]
[BlackElo "917"]
[PlyCount "43"]
[EventDate "2021.??.??"]
[WhiteTeam "Think Rochade"]
[BlackTeam "TSG Neustrelitz"]

1. e4 e5 2. Nc3 Nf6 3. Nf3 Nc6 4. Bb5 Bb4 5. d4 O-O 6. O-O a6 7. Ba4 d6 8. Bg5
h6 9. Bh4 Bg4 10. Nd5 g5 11. h3 Bxf3 12. Qxf3 gxh4 13. Nxf6+ Kh8 14. Qf5 Qxf6
15. Qxf6+ Kg8 16. c3 Ba5 17. Rae1 b5 18. Bb3 h5 19. Bd5 Nxd4 20. Bxa8 Rxa8 21.
Re3 Ne6 22. Qh6 1-0

[Event "LEM Nachwuchs M-V u12m 08.-11.07.2021"]
[Site "MaJuWi Greifswald/Wieck"]
[Date "2021.07.11"]
[Round "6.8"]
[White "Stier, Karl"]
[Black "Tsiple, Dragos"]
[Result "0-1"]
[WhiteElo "714"]
[BlackElo "801"]
[Annotator "Sonnenberger,Jörg"]
[PlyCount "47"]
[EventDate "2021.??.??"]
[WhiteTeam "SG Neubrandenburg"]
[BlackTeam "TSV Friedland"]

1. e4 e5 2. Nf3 Nc6 3. Bb5 Nf6 4. Nc3 d6 5. Bxc6+ bxc6 6. d3 Bg4 7. Bg5 g6 8.
Bxf6 Qxf6 9. h3 Be6 10. Qd2 Rb8 11. O-O-O Bg7 12. Qe3 a5 13. Qa7 O-O 14. Qxa5
Ra8 15. Qxc7 d5 16. Qxc6 d4 17. Nd5 Bxd5 18. Qxd5 Ra7 19. Qxe5 {???} Qxe5 20.
Nxe5 Bxe5 21. g3 Bg7 22. Rde1 Rxa2 23. e5 Bh6+ 24. f4 0-1

[Event "LEM Nachwuchs M-V u12m 08.-11.07.2021"]
[Site "MaJuWi Greifswald/Wieck"]
[Date "2021.07.11"]
[Round "6.9"]
[White "Asmussen, Henry"]
[Black "Liseykin, Tezey"]
[Result "0-1"]
[WhiteElo "1192"]
[BlackElo "926"]
[PlyCount "86"]
[EventDate "2021.??.??"]
[WhiteTeam "SG Jasmund"]
[BlackTeam "TuS Makkabi Rostock"]

1. e4 c5 2. Nf3 e6 3. Nc3 a6 4. Bc4 Nc6 5. O-O Qc7 6. d3 Nf6 7. Be3 Be7 8. d4
cxd4 9. Nxd4 Nxd4 10. Qxd4 Bc5 11. Qd3 Ng4 12. Rfe1 Qxh2+ 13. Kf1 Bxe3 14. fxe3
Qg3 15. Qe2 Qh4 16. Qd2 Nh2+ 17. Kg1 Qg3 18. Qe2 b5 19. Qh5 Nf3+ 20. Kf1 Nxe1
21. Rxe1 bxc4 22. Ne2 Qg6 23. Qf3 Bb7 24. Nf4 Qf6 25. Nh5 Qxf3+ 26. gxf3 O-O
27. Rd1 Rfd8 28. Rd4 d5 29. b3 dxe4 30. fxe4 Rxd4 31. exd4 cxb3 32. axb3 Bxe4
33. Ng3 Bxc2 34. b4 a5 35. bxa5 Rxa5 36. Ke2 g5 37. Nh5 g4 38. Nf6+ Kg7 39.
Nxg4 f5 40. Ne3 Ra2 41. Nd1 Bxd1+ 42. Kxd1 f4 43. d5 exd5 0-1

[Event "LEM Nachwuchs M-V u12m 08.-11.07.2021"]
[Site "MaJuWi Greifswald/Wieck"]
[Date "2021.07.11"]
[Round "7.1"]
[White "Grundmann, Max"]
[Black "Wellßow, Lio Keanu"]
[Result "0-1"]
[WhiteElo "1148"]
[BlackElo "1203"]
[PlyCount "86"]
[EventDate "2021.??.??"]
[WhiteTeam "Think Rochade"]
[BlackTeam "SG Jasmund"]

1. c4 g6 2. Nc3 Bg7 3. g3 c5 4. Bg2 Nc6 5. d3 e5 6. Nf3 Nge7 7. Bg5 d6 8. O-O
O-O 9. Nd5 Be6 10. Bxe7 Nxe7 11. e4 Nxd5 12. exd5 Bf5 13. Nh4 Qd7 14. Nxf5 Qxf5
15. Rb1 Rab8 16. Qf3 Qxf3 17. Bxf3 Rfe8 18. b4 b6 19. bxc5 bxc5 20. Rb3 a5 21.
Rfb1 Rb4 22. a3 Ra4 23. Ra1 e4 24. Bg4 f5 25. Ra2 fxg4 26. Re2 Kf8 27. Rxe4
Rxe4 28. dxe4 Rxc4 29. Rb6 Be5 30. f4 Rc1+ 31. Kg2 Bd4 32. h4 h5 33. Rxd6 c4
34. Rxg6 c3 35. d6 c2 36. d7 Rg1+ 37. Kh2 Rh1+ 38. Kg2 Rg1+ 39. Kh2 Ke7 40. Rd6
Bb6 41. Rxb6 c1=Q 42. Rf6 Rh1+ 43. Kg2 Qg1# 0-1

[Event "LEM Nachwuchs M-V u12m 08.-11.07.2021"]
[Site "MaJuWi Greifswald/Wieck"]
[Date "2021.07.11"]
[Round "7.2"]
[White "Brandt, Mattis"]
[Black "Peilert, Maximilian"]
[Result "1-0"]
[WhiteElo "1323"]
[BlackElo "1068"]
[PlyCount "59"]
[EventDate "2021.??.??"]
[WhiteTeam "Greifswalder SV"]
[BlackTeam "Think Rochade"]

1. d4 d5 2. Nf3 Bf5 3. e3 e6 4. Bd3 Bg6 5. Nbd2 Bd6 6. O-O c5 7. Qe2 Nc6 8.
dxc5 Bxc5 9. e4 dxe4 10. Nxe4 Nd4 11. Nxd4 Bxd4 12. Bb5+ Kf8 13. Rd1 Qb6 14.
Ng3 Rd8 15. Kh1 Ne7 16. a4 a6 17. c3 axb5 18. a5 Qc6 19. Be3 e5 20. cxd4 f6 21.
Rac1 Qe6 22. dxe5 Rxd1+ 23. Rxd1 Qc4 24. exf6 gxf6 25. Rd8+ Be8 26. Qf3 f5 27.
Bh6+ Kf7 28. Qh5+ Ng6 29. Qxf5+ Ke7 30. Bg5# 1-0

[Event "LEM Nachwuchs M-V u12m 08.-11.07.2021"]
[Site "MaJuWi Greifswald/Wieck"]
[Date "2021.07.11"]
[Round "7.3"]
[White "Eschrig, Immanuel"]
[Black "Drechsler, Andor"]
[Result "1/2-1/2"]
[WhiteElo "1022"]
[BlackElo "1303"]
[PlyCount "89"]
[EventDate "2021.??.??"]
[WhiteTeam "Greifswalder SV"]
[BlackTeam "SAV Torgelow"]

1. e4 c6 2. Nc3 d5 3. Nf3 g6 4. h3 Bg7 5. d3 dxe4 6. dxe4 Qxd1+ 7. Nxd1 Nf6 8.
Bd3 O-O 9. Bf4 Nbd7 10. Ne3 Nc5 11. e5 Nxd3+ 12. cxd3 Nd5 13. Nxd5 cxd5 14. d4
Re8 15. O-O Bf5 16. Rac1 Rac8 17. Rfe1 b5 18. a3 Be4 19. Ng5 Rxc1 20. Bxc1 Bf5
21. Bf4 Bh6 22. Be3 Bg7 23. Rc1 Rc8 24. Rxc8+ Bxc8 25. Nf3 a5 26. Nd2 f6 27.
exf6 Bxf6 28. Nb3 a4 29. Nc5 Kf7 30. g4 e5 31. dxe5 Bxe5 32. Nd3 Ke6 33. Nxe5
Kxe5 34. f3 d4 35. Bc1 d3 36. Kf2 Kd4 37. h4 Be6 38. Bd2 Kc4 39. Ke3 Bd5 40. f4
Be6 41. g5 Bf5 42. Bc3 Kb3 43. Kd2 Kc4 44. Ke3 Kd5 45. Be5 1/2-1/2

[Event "LEM Nachwuchs M-V u12m 08.-11.07.2021"]
[Site "MaJuWi Greifswald/Wieck"]
[Date "2021.07.11"]
[Round "7.4"]
[White "Tsiple, Dragos"]
[Black "Briese, Paul"]
[Result "0-1"]
[WhiteElo "801"]
[BlackElo "1125"]
[PlyCount "36"]
[EventDate "2021.??.??"]
[WhiteTeam "TSV Friedland"]
[BlackTeam "SAV Torgelow"]

1. e4 c6 2. Nf3 d5 3. d3 dxe4 4. Ne5 exd3 5. cxd3 Nf6 6. Nc3 Nbd7 7. Nf3 e6 8.
Bg5 Bb4 9. g3 h6 10. a3 Bxc3+ 11. bxc3 hxg5 12. Nxg5 Nd5 13. Ne4 N7f6 14. Ng5
Nxc3 15. Qc2 Nb5 16. Qb2 Qd4 17. Qc2 Qxa1+ 18. Ke2 Nd4+ 0-1

[Event "LEM Nachwuchs M-V u12m 08.-11.07.2021"]
[Site "MaJuWi Greifswald/Wieck"]
[Date "2021.07.11"]
[Round "7.5"]
[White "Tovmasyan, Levon"]
[Black "Wandelt, Moritz"]
[Result "0-1"]
[WhiteElo "884"]
[BlackElo "1011"]
[PlyCount "88"]
[EventDate "2021.??.??"]
[WhiteTeam "TuS Makkabi Rostock"]
[BlackTeam "SAV Torgelow"]

1. d4 Nf6 2. Nf3 g6 3. Bf4 Bg7 4. e3 d6 5. Bd3 O-O 6. O-O Nbd7 7. Nc3 Qe8 8.
Re1 e5 9. Bg3 e4 10. Nb5 Qd8 11. Bh4 exd3 12. Qxd3 a6 13. Nc3 Qe8 14. e4 Nb6
15. e5 Bf5 16. Qd2 Nfd5 17. exd6 Qd7 18. dxc7 Qxc7 19. Ne5 Nc4 20. Nxd5 Qxe5
21. Nb6 Nxd2 22. dxe5 Rab8 23. Nd7 Bxd7 24. Rad1 Bh6 25. Be7 Rfe8 26. Bb4 Bg4
27. Rxd2 Bxd2 28. Bxd2 Rbd8 29. Bg5 Rxe5 30. f3 Rxe1+ 31. Kf2 Rdd1 32. fxg4 Re5
33. Bf6 Re6 34. Bh4 Rd2+ 35. Kf3 Rxc2 36. g3 Rxb2 37. a3 Rc6 38. Bf6 Rxf6+ 39.
Ke4 Re6+ 40. Kd5 Rd2+ 41. Kc5 Rc6+ 42. Kb4 Rb2+ 43. Ka4 Rc4+ 44. Ka5 Rb5# 0-1

[Event "LEM Nachwuchs M-V u12m 08.-11.07.2021"]
[Site "MaJuWi Greifswald/Wieck"]
[Date "2021.07.11"]
[Round "7.6"]
[White "Lüdtke, Lorenz"]
[Black "Joachim, Julian"]
[Result "0-1"]
[WhiteElo "922"]
[BlackElo "819"]
[PlyCount "59"]
[EventDate "2021.??.??"]
[WhiteTeam "SG Jasmund"]
[BlackTeam "Think Rochade"]

1. e4 e5 2. Nf3 Nc6 3. Nc3 Nf6 4. Bb5 Bc5 5. O-O d6 6. d3 O-O 7. Bg5 Bg4 8. Nd5
Nd4 9. Nxf6+ gxf6 10. Bh6 Re8 11. Bxe8 Qxe8 12. Kh1 f5 13. h3 Bh5 14. Rg1 Qd8
15. Qd2 Qf6 16. c3 Nxf3 17. gxf3+ Bg6 18. f4 Qh4 19. Rg2 Qxh3+ 20. Rh2 Qf3+ 21.
Kg1 Qg4+ 22. Rg2 Qh4 23. Bg5 Qh5 24. d4 Bb6 25. Qe3 Re8 26. f3 c5 27. dxc5 Bxc5
28. Qxc5 dxc5 29. Rd1 Qxf3 30. Bf6 0-1

[Event "LEM Nachwuchs M-V u12m 08.-11.07.2021"]
[Site "MaJuWi Greifswald/Wieck"]
[Date "2021.07.11"]
[Round "7.7"]
[White "Liseykin, Tezey"]
[Black "Stier, Karl"]
[Result "1-0"]
[WhiteElo "926"]
[BlackElo "714"]
[PlyCount "77"]
[EventDate "2021.??.??"]
[WhiteTeam "TuS Makkabi Rostock"]
[BlackTeam "SG Neubrandenburg"]

1. d4 d5 2. c4 Nf6 3. Nf3 Bg4 4. Bf4 e6 5. h3 Bxf3 6. exf3 Bb4+ 7. Nd2 O-O 8.
Bd3 Nc6 9. O-O Re8 10. Nb3 a5 11. a3 Bd6 12. Bxd6 Qxd6 13. Qd2 h6 14. c5 Qe7
15. Qf4 e5 16. dxe5 Nxe5 17. Bb5 Nd3 18. Bxd3 Ra6 19. Bxa6 bxa6 20. Qe3 Qd8 21.
Qd2 a4 22. Nd4 Qe7 23. Rfe1 Qxc5 24. Rxe8+ Nxe8 25. Re1 Qf8 26. Qb4 Nd6 27. g4
Qd8 28. Nc6 Qd7 29. Ne7+ Kf8 30. Qb8+ Qe8 31. Ng6+ Kg8 32. Rxe8+ Nxe8 33. Qxe8+
Kh7 34. Qxf7 d4 35. Nf4 h5 36. Qxh5+ Kg8 37. Ne6 d3 38. Qg6 d2 39. Qxg7# 1-0

[Event "LEM Nachwuchs M-V u12m 08.-11.07.2021"]
[Site "MaJuWi Greifswald/Wieck"]
[Date "2021.07.11"]
[Round "7.8"]
[White "Fritsch, Friedrich"]
[Black "Asmussen, Henry"]
[Result "0-1"]
[WhiteElo "953"]
[BlackElo "1192"]
[PlyCount "24"]
[EventDate "2021.??.??"]
[WhiteTeam "SG Jasmund"]
[BlackTeam "SG Jasmund"]

1. e4 e5 2. Nf3 Nc6 3. Bc4 Nf6 4. Ng5 d5 5. exd5 Nxd5 6. Qf3 Qxg5 7. Bxd5 f6 8.
d4 Qxc1+ 9. Qd1 Qxb2 10. Nd2 Qxd4 11. Nc4 Bc5 12. Rc1 Qxf2# 0-1

[Event "LEM Nachwuchs M-V u12w 08.-11.07.2021"]
[Site "MaJuWi Greifswald/Wieck"]
[Date "2021.07.08"]
[Round "1.1"]
[White "Urban, Mila"]
[Black "Zimmermann, Paula"]
[Result "1-0"]
[WhiteElo "1029"]
[BlackElo "768"]
[PlyCount "95"]
[EventDate "2021.??.??"]
[WhiteTeam "TuS Makkabi Rostock"]
[BlackTeam "TSG Neustrelitz"]

1. e4 d5 2. d4 dxe4 3. Nd2 Nf6 4. c3 Nc6 5. Bc4 e6 6. Ne2 Bd6 7. Qc2 Na5 8.
Bb5+ Bd7 9. Bxd7+ Qxd7 10. Nxe4 Nxe4 11. Qxe4 O-O 12. O-O b6 13. Qg4 h6 14.
Bxh6 f6 15. d5 Kf7 16. Qxg7+ Ke8 17. Qxd7+ Kxd7 18. Bxf8 Rxf8 19. dxe6+ Kxe6
20. Nd4+ Kd7 21. Nb5 Be5 22. Nxa7 Nc4 23. Rfd1+ Ke7 24. Nc6+ Ke6 25. Nxe5 Kxe5
26. b3 Nb2 27. Rd2 Nc4 28. bxc4 Kf4 29. a4 Re8 30. g3+ Kf5 31. c5 bxc5 32. a5
c4 33. a6 c6 34. a7 Ra8 35. Rd6 Ke4 36. Rxc6 Kd3 37. Ra3 Ke4 38. Rxc4+ Kf3 39.
Rf4+ Ke2 40. Rxf6 Kd2 41. h4 Ke2 42. Rb6 Rd8 43. a8=Q Rd1+ 44. Kg2 Rf1 45. c4
Rxf2+ 46. Kh3 Kf1 47. Qh1+ Ke2 48. Rb2# 1-0

[Event "LEM Nachwuchs M-V u12w 08.-11.07.2021"]
[Site "MaJuWi Greifswald/Wieck"]
[Date "2021.07.08"]
[Round "1.2"]
[White "Stepanjan, Tatevik Mia"]
[Black "Nguyen, Miriam Mai"]
[Result "1-0"]
[WhiteElo "1033"]
[BlackElo "810"]
[PlyCount "127"]
[EventDate "2021.??.??"]
[WhiteTeam "ESV Wittenberge"]
[BlackTeam "SSC Rostock"]

1. e4 e5 2. Nf3 Nc6 3. Bb5 a6 4. Ba4 Bc5 5. d3 Nf6 6. h3 h6 7. Bxc6 dxc6 8.
Nxe5 O-O 9. Nc3 Bd6 10. Nf3 Be6 11. e5 Bxe5 12. Nxe5 Re8 13. O-O Bd5 14. Nxd5
Rxe5 15. Nc3 Qd7 16. Re1 Rxe1+ 17. Qxe1 Re8 18. Qd1 Re7 19. Bf4 Qe8 20. Qd2 Nd5
21. Nxd5 cxd5 22. Qd1 c6 23. f3 g5 24. Bg3 f5 25. Qf1 f4 26. Bf2 Re2 27. Re1
Rxe1 28. Qxe1 Qf7 29. Qe5 Qg7 30. Qe8+ Qf8 31. Qe6+ Qf7 32. Qxh6 Qg7 33. Qe6+
Qf7 34. Qg4 Qg7 35. c3 Qg6 36. Qc8+ Kh7 37. Qxb7+ Kg8 38. Bd4 Qf7 39. Qxc6 a5
40. Qc8+ Qf8 41. Qxf8+ Kxf8 42. Kf2 Ke7 43. c4 dxc4 44. dxc4 Kd6 45. Ke2 Kc6
46. Kd3 Kd6 47. a3 Kc6 48. b4 axb4 49. axb4 Kd6 50. c5+ Kc6 51. Ke4 Kd7 52. b5
Kc7 53. Kd5 Kd7 54. c6+ Kc7 55. b6+ Kc8 56. b7+ Kc7 57. Be5+ Kd8 58. b8=Q+ Ke7
59. Qd6+ Kf7 60. c7 g4 61. hxg4 Kg8 62. c8=Q+ Kh7 63. Qcc7+ Kg8 64. Qdd8# 1-0

[Event "LEM Nachwuchs M-V u12w 08.-11.07.2021"]
[Site "MaJuWi Greifswald/Wieck"]
[Date "2021.07.09"]
[Round "2.1"]
[White "Zimmermann, Paula"]
[Black "Janssen, Julika"]
[Result "1-0"]
[WhiteElo "768"]
[BlackElo "1188"]
[PlyCount "108"]
[EventDate "2021.??.??"]
[WhiteTeam "TSG Neustrelitz"]
[BlackTeam "TuS Makkabi Rostock"]

1. d4 d5 2. Nf3 Nf6 3. Bg5 e6 4. e3 Nbd7 5. Bd3 g6 6. Nbd2 Bg7 7. e4 dxe4 8.
Nxe4 O-O 9. O-O Qe8 10. Nxf6+ Nxf6 11. Bf4 Qd8 12. Bd2 b6 13. Bb4 c5 14. dxc5
bxc5 15. Bxc5 Re8 16. Bb5 Bd7 17. Ba6 Bc6 18. Ne5 Qc7 19. Qd6 Nd5 20. Nxc6 Bf8
21. Qxc7 Nxc7 22. Bxf8 Rxf8 23. Bb7 Rae8 24. Nxa7 Re7 25. Bc6 Na6 26. c3 Rxa7
27. Rad1 Rc7 28. Bb5 Nc5 29. b4 Ne4 30. c4 Nc3 31. Rd2 Rcc8 32. a4 Rcd8 33.
Rxd8 Rxd8 34. c5 Nd5 35. Rd1 Kg7 36. Rb1 Nc3 37. Rc1 Nd5 38. c6 Nxb4 39. c7 Rc8
40. Bd7 Ra8 41. c8=Q Ra5 42. Qc3+ Kg8 43. Qxb4 Rd5 44. Rc8+ Kg7 45. Qc3+ f6 46.
h3 Rxd7 47. Qc6 Rd1+ 48. Kh2 Rd2 49. Rc7+ Kh6 50. Qc5 Rd5 51. Qe3+ g5 52. Qe4
f5 53. Qxe6+ Kh5 54. Qxd5 g4 1-0

[Event "LEM Nachwuchs M-V u12w 08.-11.07.2021"]
[Site "MaJuWi Greifswald/Wieck"]
[Date "2021.07.09"]
[Round "2.3"]
[White "Urban, Mila"]
[Black "Stepanjan, Tatevik Mia"]
[Result "0-1"]
[WhiteElo "1029"]
[BlackElo "1033"]
[PlyCount "142"]
[EventDate "2021.??.??"]
[WhiteTeam "TuS Makkabi Rostock"]
[BlackTeam "ESV Wittenberge"]

1. e4 c5 2. d4 cxd4 3. Qxd4 Nc6 4. Qd1 e5 5. Nc3 Nf6 6. Bg5 h6 7. Bh4 Be7 8.
Nf3 d6 9. h3 Be6 10. Bb5 Qa5 11. O-O Qb6 12. Nd5 Qd8 13. Qd3 a6 14. Qa3 axb5
15. Qxa8 O-O 16. Nxe7+ Nxe7 17. Qxb7 Qd7 18. Qxd7 Bxd7 19. b3 Nc6 20. a4 Rb8
21. a5 Nxe4 22. a6 Ra8 23. Ra2 Nc3 24. Ra3 b4 25. Raa1 Bf5 26. Rfe1 Bxc2 27.
Nd2 Nd4 28. Ra5 Bxb3 29. Nxb3 Nxb3 30. Raxe5 dxe5 31. Rxe5 Na1 32. Ra5 Nb3 33.
Re5 Rxa6 34. Re8+ Kh7 35. Rb8 Ra4 36. Be7 Nd5 37. Bd6 Nd2 38. Rb5 Nc3 39. Rxb4
Rxb4 40. Bxb4 Ne2+ 41. Kh2 Ne4 42. f3 Nf6 43. h4 Nf4 44. g3 Ng6 45. Kh3 Ne5 46.
f4 Ng6 47. f5 Ne5 48. Bc3 Nc6 49. g4 Ne7 50. Bb4 Ned5 51. Bd2 Ne4 52. h5 Nxd2
53. Kg3 Ne4+ 54. Kh4 Nf2 55. Kg3 Nd3 56. Kh4 Nf6 57. Kg3 Ne5 58. Kf4 Nexg4 59.
Kf3 g6 60. hxg6+ fxg6 61. fxg6+ Kxg6 62. Kg3 Kf5 63. Kh4 h5 64. Kg3 Ke5 65. Kh4
Ke4 66. Kh3 Kf4 67. Kh4 Kf5 68. Kg3 Kg5 69. Kh3 h4 70. Kg2 Nd5 71. Kh3 Nf4# 0-1

[Event "LEM Nachwuchs M-V u12w 08.-11.07.2021"]
[Site "MaJuWi Greifswald/Wieck"]
[Date "2021.07.10"]
[Round "4.1"]
[White "Zimmermann, Paula"]
[Black "Nguyen, Miriam Mai"]
[Result "1-0"]
[WhiteElo "768"]
[BlackElo "810"]
[PlyCount "70"]
[EventDate "2021.??.??"]
[WhiteTeam "TSG Neustrelitz"]
[BlackTeam "SSC Rostock"]

1. e4 d5 2. exd5 Qxd5 3. Nc3 Qd8 4. Nf3 Bf5 5. Bc4 e6 6. d4 Nf6 7. Bg5 Be7 8.
O-O O-O 9. d5 exd5 10. Bxd5 Bc5 11. Bxb7 Ng4 12. Qe2 Nd7 13. Bxa8 Qxa8 14. Rad1
Nxf2 15. Rxf2 Bxf2+ 16. Qxf2 Re8 17. Nd5 Qb7 18. b3 h6 19. Bh4 Kh7 20. c4 Be4
21. Bg3 Bxd5 22. cxd5 Nf6 23. d6 Ne4 24. Qe2 Nc3 25. Qd3+ Ne4 26. d7 Qb6+ 27.
Kh1 Rd8 28. Qxe4+ Qg6 29. Qxg6+ fxg6 30. Bxc7 g5 31. a4 g4 32. Nd4 h5 33. b4 h4
34. b5 h3 35. a5 g5 1-0

[Event "LEM Nachwuchs M-V u12w 08.-11.07.2021"]
[Site "MaJuWi Greifswald/Wieck"]
[Date "2021.07.10"]
[Round "4.2"]
[White "Urban, Mila"]
[Black "Janssen, Julika"]
[Result "1/2-1/2"]
[WhiteElo "1029"]
[BlackElo "1188"]
[PlyCount "35"]
[EventDate "2021.??.??"]
[WhiteTeam "TuS Makkabi Rostock"]
[BlackTeam "TuS Makkabi Rostock"]

1. d4 d5 2. Nf3 Nf6 3. Bf4 Bf5 4. e3 e6 5. Nbd2 Bd6 6. Ne5 O-O 7. Be2 Nc6 8.
Ndf3 Qe7 9. O-O h6 10. h3 Rfe8 11. c3 a6 12. Qb3 Rab8 13. Qa4 Be4 14. Nxc6 bxc6
15. Ne5 Rxb2 16. Bxa6 c5 17. Rfc1 Ra8 18. Qc6 1/2-1/2

[Event "LEM Nachwuchs M-V u12w 08.-11.07.2021"]
[Site "MaJuWi Greifswald/Wieck"]
[Date "2021.07.10"]
[Round "5.2"]
[White "Janssen, Julika"]
[Black "Stepanjan, Tatevik Mia"]
[Result "0-1"]
[WhiteElo "1188"]
[BlackElo "1033"]
[PlyCount "92"]
[EventDate "2021.??.??"]
[WhiteTeam "TuS Makkabi Rostock"]
[BlackTeam "ESV Wittenberge"]

1. d4 d5 2. Nf3 Nf6 3. Bf4 Bg4 4. Nbd2 e6 5. e3 Nbd7 6. Be2 c5 7. c3 c4 8. O-O
Be7 9. Ne5 Bxe2 10. Qxe2 Nxe5 11. Bxe5 Bd6 12. Nf3 O-O 13. h3 Ne4 14. Rad1 a5
15. a3 b5 16. Qc2 Qd7 17. Bxd6 Qxd6 18. Nh2 Qe7 19. f3 Ng3 20. Rfe1 Qg5 21. Ng4
f5 22. f4 Qh4 23. Nh2 Ne4 24. Nf1 Rf6 25. Qe2 Ng3 26. Qf3 Rg6 27. Rd2 Ne4 28.
Rde2 Rf8 29. Kh2 Rff6 30. g3 Qh6 31. Rg2 Rf8 32. g4 Qh4 33. Ree2 Qe7 34. Ng3
Nxg3 35. Rxg3 fxg4 36. Rxg4 Rxg4 37. Qxg4 a4 38. e4 dxe4 39. Rxe4 Rf6 40. Qg5
Qf7 41. Kh1 Rg6 42. Qxb5 h6 43. Qxa4 Qf5 44. Qc2 Qxh3+ 45. Qh2 Qf3+ 46. Qg2
Qxg2# 0-1

[Event "LEM Nachwuchs M-V u12w 08.-11.07.2021"]
[Site "MaJuWi Greifswald/Wieck"]
[Date "2021.07.10"]
[Round "5.3"]
[White "Nguyen, Miriam Mai"]
[Black "Urban, Mila"]
[Result "1-0"]
[WhiteElo "810"]
[BlackElo "1029"]
[PlyCount "121"]
[EventDate "2021.??.??"]
[WhiteTeam "SSC Rostock"]
[BlackTeam "TuS Makkabi Rostock"]

1. e4 e5 2. Nf3 Nc6 3. Bc4 Bc5 4. d3 h6 5. Nc3 d6 6. h3 Nf6 7. Be3 Nd4 8. O-O
O-O 9. Ne2 Ne6 10. d4 d5 11. exd5 Nxd4 12. Nexd4 exd4 13. Bxd4 Bxd4 14. Qxd4
Bf5 15. c3 Qd7 16. Kh2 Nh7 17. Bd3 Qd6+ 18. g3 Ng5 19. Nxg5 Bxd3 20. Qxd3 hxg5
21. c4 Qe5 22. b3 g6 23. Rae1 Qd6 24. Qd2 f6 25. f4 gxf4 26. Qxf4 Qxf4 27. Rxf4
Kg7 28. Rfe4 f5 29. R4e3 f4 30. gxf4 Rxf4 31. Kg3 Rf7 32. Re7 Rxe7 33. Rxe7+
Kf6 34. Kg4 c5 35. Re6+ Kf7 36. Kg5 a6 37. Rxg6 a5 38. h4 Rh8 39. d6 Rh7 40. h5
Rh8 41. Rf6+ Ke8 42. Rf1 Rf8 43. h6 Rg8+ 44. Kh5 Rh8 45. Kg6 Rg8+ 46. Kh7 Rg4
47. Rf5 b6 48. Rf6 Kd7 49. Rg6 Rh4 50. Kg7 Rh2 51. h7 Rh3 52. h8=Q Rxh8 53.
Kxh8 Kd8 54. Rg7 Kc8 55. d7+ Kd8 56. Kh7 Kc7 57. Kg6 Kd8 58. Kf6 Kc7 59. Ke6
Kd8 60. Kd6 a4 61. Rg8# 1-0

[Event "LEM Nachwuchs M-V u14m 08.-11.07.2021"]
[Site "MaJuWi Greifswald/Wieck"]
[Date "2021.07.08"]
[Round "1.1"]
[White "Krause, Enrico"]
[Black "Lippitz, Jaden"]
[Result "0-1"]
[WhiteElo "1178"]
[BlackElo "1563"]
[PlyCount "72"]
[EventDate "2021.??.??"]
[WhiteTeam "Think Rochade - SC HRO"]
[BlackTeam "SG Güstrow/Teterow"]

1. e4 c5 2. Nf3 Nc6 3. d4 cxd4 4. Nxd4 d6 5. Be3 Nf6 6. Nc3 g6 7. Bc4 Bg7 8.
O-O O-O 9. h3 Bd7 10. Nde2 a6 11. Ng3 b5 12. Bb3 b4 13. Nd5 Nxd5 14. Bxd5 Bxb2
15. Rb1 Bc3 16. Qd3 Ne5 17. Qe2 Bb5 18. Qd1 Bxf1 19. Bxa8 Bxg2 20. Kxg2 Qxa8
21. Bd4 Qc6 22. Bxc3 bxc3 23. f4 Nc4 24. Qd4 f5 25. Qd5+ Qxd5 26. exd5 Ne3+ 27.
Kf2 Nxc2 28. Rc1 Rb8 29. Ke2 Nb4 30. Rxc3 Nxd5 31. Ra3 Nxf4+ 32. Kf3 Nxh3 33.
Rxa6 Kf7 34. Ra7 Kf6 35. Ne2 e5 36. Rxh7 Ng5+ 0-1

[Event "LEM Nachwuchs M-V u14m 08.-11.07.2021"]
[Site "MaJuWi Greifswald/Wieck"]
[Date "2021.07.08"]
[Round "1.2"]
[White "Schott, Andy"]
[Black "Schulz, Bruno Andreas"]
[Result "0-1"]
[WhiteElo "1537"]
[BlackElo "1171"]
[PlyCount "78"]
[EventDate "2021.??.??"]
[WhiteTeam "SG Güstrow/Teterow"]
[BlackTeam "TuS Makkabi Rostock"]

1. c4 e6 2. g3 Nf6 3. Bg2 d5 4. Nf3 Be7 5. O-O O-O 6. d3 h6 7. Bf4 c6 8. Nbd2
Nbd7 9. Rb1 Nh5 10. Be5 Nxe5 11. Nxe5 Bf6 12. Ng4 Be7 13. b4 a6 14. e3 Nf6 15.
Ne5 Bd6 16. Nef3 Qe7 17. Qb3 Rb8 18. Rfc1 Bd7 19. a4 b5 20. axb5 axb5 21. cxd5
exd5 22. Nd4 Rfc8 23. N2f3 Ra8 24. Ne1 Ng4 25. Bh3 Qe8 26. Bxg4 Bxg4 27. Ra1
Bd7 28. Nef3 Rxa1 29. Rxa1 Ra8 30. Rxa8 Qxa8 31. Qc3 Be7 32. Ne5 Bh3 33. Nexc6
Bf8 34. Nxb5 Bxb4 35. Qc1 Bd2 36. Nc7 Qa2 37. Qd1 Bxe3 38. Ne7+ Kh8 39. Qe1
Bxf2+ 0-1